KOHA-Header-6

Textbook of Biochemistry, Biotechnology Allied and Molecular Medicine (Record no. 2350)

000 -LEADER
fixed length control field 00338nam a2200121Ia 4500
008 - FIXED-LENGTH DATA ELEMENTS--GENERAL INFORMATION
fixed length control field 190802s9999 xx 000 0 und d
020 ## - INTERNATIONAL STANDARD BOOK NUMBER
International Standard Book Number 978-81-203-5125-7
100 ## - MAIN ENTRY--PERSONAL NAME
Personal name G.P.Talwar
245 #0 - TITLE STATEMENT
Title Textbook of Biochemistry, Biotechnology Allied and Molecular Medicine
260 ## - PUBLICATION, DISTRIBUTION, ETC. (IMPRINT)
Place of publication, distribution, etc New Delhi
Name of publisher, distributor, etc Wiley
Date of publication, distribution, etc 2016
300 ## - PHYSICAL DESCRIPTION
Extent 1620:P
942 ## - ADDED ENTRY ELEMENTS (KOHA)
Koha item type Books
Holdings
Withdrawn status Lost status Damaged status Not for loan Permanent Location Current Location Shelving location Date acquired Full call number Barcode Date last seen Price effective from Koha item type
        MAJU MAJU Shelf No.A36 2019-08-03 574.19 8973 2019-08-03 2019-08-03 Bio Science

Powered by Koha